=LDR 00000nam 2200000 4500 =001 000284 =990 ##$$a TBM202500092 =005 20250710125853 =035 ##$$a 0010-0725000126 =007 ta =008 250710################a##########0#ind## =020 ##$$a 978-623-307-654-8 =082 ##$$a 398.209 598 802 =084 ##$$a 398.209 598 802 KUM p =100 #$$a Kumar, Ramendra =245 1#$$a Paplu sang Raksasa /$c Ramendra Kumar =250 ##$$a Cetakan Pertama =260 ##$$a Jakarta Timur :$b Badan Pengembangan dan Pembinaan Bahasa,$c 2024 =300 ##$$a 24 hlm. : $b ilus. ; $c 22,9 cm =650 #4$$a Cerita Anak Indonesia-Terjemahan =650 #4$$a Literasi-Bahan Bacaan =856 ##$$a TBM As Suhada